Volcanoes of Chad - Statistics

General Stats
  • This quiz has been taken 5 times
  • The average score is 5 of 8
Answers on the Map
Answers color-coded by a green-red scale on the quiz's map according to % correct below.
 
Answer Stats
Answer % Correct
Emi Koussi
100%
Tarso Voon
75%
Toussidé
75%
Abeki
50%
Oyoye
50%
Tarso Toh
50%
Tarso Yega
50%
Tieroko
50%
No matching quizzes found
Score Distribution
Percent of People with Each Score
Percentile by Number Answered
Your Score History
You have not taken this quiz